000 00699nam a2200253Ia 4500
003 OSt
005 20220918200340.0
006 a|||||r|||| 00| 0
007 ta
008 220917b |||||||| |||| 00| 0 eng d
024 _a88,413
037 _cTextual
040 _aARTS
_cARTS
_beng
041 _2eng
_aeng
082 _aT55.N, K7
100 _aBlake Mabelle Babcock
_993680
245 0 _aEducation of the modern girl
260 _aNew York
_bBooks for Libraries Press
_c1967
300 _axi, 219p.
_ccm.
490 _aEssay index reprint series
650 _aWOMEN - EDUCATION
_925383
942 _hT55.N, K7
_cTEXL
_2CC
999 _c212101
_d212101